MARC details
| 000 -CABECERA |
| campo de control de longitud fija |
02907nam a22002777a 4500 |
| 008 - DATOS DE LONGITUD FIJA--INFORMACIÓN GENERAL |
| campo de control de longitud fija |
250407b |||||||| |||| 00| 0 eng d |
| 020 ## - NÚMERO INTERNACIONAL ESTÁNDAR DEL LIBRO |
| Número Internacional Estándar del Libro |
9783836506007 |
| 040 ## - FUENTE DE LA CATALOGACIÓN |
| Centro/agencia transcriptor |
tbs |
| 041 ## - CÓDIGO DE LENGUA |
| Código de lengua del texto/banda sonora o título independiente |
spa |
| 041 ## - CÓDIGO DE LENGUA |
| Código de lengua original |
ger |
| 050 ## - SIGNATURA TOPOGRÁFICA DE LA BIBLIOTECA DEL CONGRESO |
| Número de clasificación |
N6494 .P6 |
| Número de documento/Ítem |
H6618 2004 |
| 100 ## - ENTRADA PRINCIPAL--NOMBRE DE PERSONA |
| Nombre de persona |
Honnef, Klaus |
| 9 (RLIN) |
25114 |
| Término indicativo de función/relación |
author |
| 245 ## - MENCIÓN DE TÍTULO |
| Título |
Pop art |
| Mención de responsabilidad, etc. |
/ Klaus Honnef ; edited by Uta Grosenick ; translated by Mariona Gratacòs. |
| 260 ## - PUBLICACIÓN, DISTRIBUCIÓN, ETC. |
| Lugar de publicación, distribución, etc. |
Cologne : |
| Nombre del editor, distribuidor, etc. |
Taschen, |
| Fecha de publicación, distribución, etc. |
2015. |
| 300 ## - DESCRIPCIÓN FÍSICA |
| Extensión |
95 pages : |
| Otras características físicas |
illustrations (some color) ; |
| Dimensiones |
27 cm. |
| 490 ## - MENCIÓN DE SERIE |
| Mención de serie |
Basic art series 2.0 |
| 520 ## - SUMARIO, ETC. |
| Sumario, etc. |
Alcanzando su apogeo en la década de 1960, el Arte Pop comenzó como una revuelta contra los enfoques tradicionales del arte y la cultura, y evolucionó hacia una interrogación total de la sociedad moderna, la cultura del consumo y el papel del artista y la obra de arte. Centrándose en temas como el materialismo, la celebridad y los medios de comunicación, el Arte Pop se inspiró en fuentes del mercado masivo, desde la publicidad y los cómics hasta las caras más famosas de Hollywood y los empaques de productos de consumo, estos últimos ejemplificados por las latas de sopa Campbell de Andy Warhol. Además de desafiar al establecimiento al elevar imágenes populares, banales y kitsch, el Arte Pop también adoptó métodos de producción en masa, reduciendo el papel del artista individual mediante técnicas mecanizadas como la serigrafía. Con artistas destacados como Andy Warhol, Allan Jones, Ed Ruscha, Robert Indiana, Jasper Johns, Robert Rauschenberg y Roy Lichtenstein, este libro presenta todo el alcance e influencia de un movimiento modernista definitorio. |
| 520 ## - SUMARIO, ETC. |
| Sumario, etc. |
Peaking in the 1960s, Pop Art began as a revolt against mainstream approaches to art and culture and evolved into a wholesale interrogation of modern society, consumer culture, and the role of the artist and artwork. Focusing on issues of materialism, celebrity, and media, Pop Art drew on mass-market sources, from advertising imagery to comic books, from Hollywood's most famous faces to the packaging of consumer products, the latter epitomized by Andy Warhol's Campbell's soup cans. As well as challenging the establishment with the elevation of such popular, banal, and kitschy images, Pop Art also deployed methods of mass-production, reducing the role of the individual artist with mechanized techniques such as screen printing. With featured artists including Andy Warhol, Allan Jones, Ed Ruscha, Robert Indiana, Jasper Johns, Robert Rauschenberg, and Roy Lichtenstein, this book introduces the full reach and influence of a defining modernist movement. |
| 650 #0 - PUNTO DE ACCESO ADICIONAL DE MATERIA--TÉRMINO DE MATERIA |
| Término de materia o nombre geográfico como elemento de entrada |
Pop art |
| Subdivisión geográfica |
United States |
| 9 (RLIN) |
25115 |
| 650 #0 - PUNTO DE ACCESO ADICIONAL DE MATERIA--TÉRMINO DE MATERIA |
| Término de materia o nombre geográfico como elemento de entrada |
Pop art |
| Subdivisión geográfica |
Great Britain |
| 9 (RLIN) |
25116 |
| 650 #0 - PUNTO DE ACCESO ADICIONAL DE MATERIA--TÉRMINO DE MATERIA |
| Término de materia o nombre geográfico como elemento de entrada |
Pop art |
| Subdivisión geográfica |
Europe |
| 9 (RLIN) |
25117 |
| 650 #0 - PUNTO DE ACCESO ADICIONAL DE MATERIA--TÉRMINO DE MATERIA |
| Término de materia o nombre geográfico como elemento de entrada |
Art, American |
| Subdivisión cronológica |
20th century |
| 9 (RLIN) |
25118 |
| 700 ## - ENTRADA AGREGADA--NOMBRE PERSONAL |
| Nombre de persona |
Grosenick, Uta |
| 9 (RLIN) |
25119 |
| Término indicativo de función/relación |
editor |
| 700 ## - ENTRADA AGREGADA--NOMBRE PERSONAL |
| Nombre de persona |
Gratacòs, Mariona |
| 9 (RLIN) |
25120 |
| Término indicativo de función/relación |
translator |
| 942 ## - ELEMENTOS DE ENTRADA AGREGADA (KOHA) |
| Fuente del sistema de clasificación o colocación |
Clasificación de Library of Congress |